[Event "La Pobla de Lillet op-B 30th"]
[Site "La Pobla de Lillet"]
[Date "2021.08.08"]
[Round "7"]
[White "Gimenez Jimenez, Josep"]
[Black "Aballanet Beltran, Eloi"]
[Result "0-1"]
[WhiteElo "1793"]
[BlackElo "1511"]
[PlyCount "66"]
[EventDate "2021.08.02"]
[EventType "swiss"]
[EventRounds "9"]
[EventCountry "ESP"]
[SourceTitle "EXT 2022"]
[Source "ChessBase"]
[SourceDate "2021.10.06"]
[SourceVersion "1"]
[SourceVersionDate "2021.10.06"]
[SourceQuality "1"]

1. d4 Nf6 2. c4 g6 3. Nc3 d5 4. Nf3 Bg7 5. e3 Bg4 6. h3 Bxf3 7. Qxf3 c6 8. Bd3 dxc4 9. Bxc4 Nbd7 10. 0-0 0-0 11. Bb3 Rc8 12. e4 e5 13. d5 Nc5 14. Bc2 cxd5 15. exd5 e4 16. Qd1 Re8 17. Be3 Re7 18. Qd2 Rd7 19. Rad1 b5 20. Bxc5 Rxc5 21. Bb3 a5 22. Rfe1 a4 23. Bc2 b4 24. Nxe4 Rcxd5 25. Qc1 Nxe4 26. Rxd5 Rxd5 27. Bxe4 Rd2 28. Bc6 Bxb2 29. Qc5 Bd4 30. Qxb4 Bxf2+ 31. Kf1 Bxe1 32. Kxe1 Rd1+ 33. Ke2 Qd3+ 0-1

[Event "Manresa op 31st"]
[Site "Manresa"]
[Date "2014.10.11"]
[Round "4"]
[White "Gimenez Jimenez, Josep"]
[Black "Clavel Oliveras, Guillem"]
[Result "1/2-1/2"]
[WhiteElo "1975"]
[BlackElo "1816"]
[PlyCount "43"]
[EventDate "2014.09.20"]
[EventType "swiss"]
[EventRounds "8"]
[EventCountry "ESP"]
[SourceTitle "EXT 2016"]
[Source "ChessBase"]
[SourceDate "2015.10.08"]
[SourceVersion "1"]
[SourceVersionDate "2015.10.08"]
[SourceQuality "1"]

1. f4 d5 2. Nf3 Bg4 3. e3 Nf6 4. Be2 Bxf3 5. Bxf3 e6 6. 0-0 c6 7. b3 g6 8. Bb2 Bg7 9. Nc3 0-0 10. Qe2 Nbd7 11. d4 Rc8 12. g4 Ne8 13. g5 f5 14. h4 Nc7 15. Rae1 b5 16. h5 Kf7 17. Qh2 Rh8 18. Nd1 Nb6 19. Nf2 a5 20. Nd3 Nd7 21. h6 Bf8 22. a3 1/2-1/2

[Event "Manresa op 31st"]
[Site "Manresa"]
[Date "2014.09.20"]
[Round "1"]
[White "Catala Morales, Joaquim"]
[Black "Gimenez Jimenez, Josep"]
[Result "0-1"]
[WhiteElo "1741"]
[BlackElo "1975"]
[PlyCount "83"]
[EventDate "2014.09.20"]
[EventType "swiss"]
[EventRounds "8"]
[EventCountry "ESP"]
[SourceTitle "EXT 2016"]
[Source "ChessBase"]
[SourceDate "2015.10.08"]
[SourceVersion "1"]
[SourceVersionDate "2015.10.08"]
[SourceQuality "1"]

1. e4 c5 2. Nf3 Nc6 3. d4 cxd4 4. Nxd4 g6 5. Nc3 Bg7 6. Be3 d6 7. f3 Nf6 8. Qd2 0-0 9. 0-0-0 a6 10. Kb1 Bd7 11. g4 Rc8 12. h4 Ne8 13. h5 Nxd4 14. Bxd4 Bxd4 15. Qxd4 Qc7 16. hxg6 fxg6 17. Bd3 Qc5 18. Qd5+ Qxd5 19. Nxd5 Rf7 20. b3 Be6 21. Bc4 Nc7 22. Nb6 Bxc4 23. Nxc8 Be2 24. Rd2 Bxf3 25. Rf1 Bxg4 26. Rxf7 Kxf7 27. Rf2+ Ke6 28. Rf4 h5 29. Nb6 g5 30. Rf2 Ke5 31. Rf7 Ke6 32. Rf1 h4 33. Nc4 Be2 34. Rg1 g4 35. Kc1 h3 36. Ne3 h2 37. Rh1 g3 38. Re1 Bf3 39. Nf5 g2 40. Nd4+ Kd7 41. Nxf3 h1Q 42. Rd1 0-1